000 00575nam a2200253Ia 4500
005 20260121114059.0
008 008 260114s9999 xx 000 0 eng d
020 _a9781118806913
037 _aEBOOK
040 _aCRL
040 _beng
040 _cCRL
041 _2eng
041 _aeng
084 _qCRL
100 _aGudding
_9970629
245 0 _aFish Vaccination
260 _bWiley
260 _c2014
856 _uhttps://onlinelibrary.wiley.com/doi/book/10.1002/9781118806913
942 _cEBOOK
999 _c1549883
_d1549883